000 00837cab a2200253 4500
001 WB3111-48
008 090401t1995 xxu||||| |||| 00| 0 eng d
035 _a(Sirsi) u29352
041 _aeng
245 _aUniform Business Rate in Scotland
260 _c1995
350 _a0
490 _aScotsman
_v14 March 1995, 33(2)
520 _aDiscusses concerns, including RICS, in Scotland that the Uniform Business Rate, introduced by the 1995 revaluation, will adversely affect both Edinburgh and Glasgow, cities with the highest increase in office rents between revaluations anywhere in the UK.
650 _aBUSINESS RATES
650 _aEDINBURGH
650 _aGLASGOW
650 _aRATING REVALUATION 1995
650 _aSCOTLAND
650 _aUBR
690 _aRATING AND VALUATION
942 _n0
948 _c04/03/1997
999 _c19774
_d19774